| 000 | 00832cam a22002175a 4500 | ||
|---|---|---|---|
| 001 | L140916 | ||
| 008 | 071017s1971 xxkc g 000 0deng d | ||
| 035 | _a(Sirsi) u140916 | ||
| 041 | 0 | _aeng | |
| 050 | 0 | 4 | _a920 $2 18 |
| 110 | 2 |
_aMontagu Evans and Son _95453 |
|
| 245 | 0 | 0 |
_aMontagu Evans & Son 1921-1971 _ba short history |
| 260 |
_a[London] _b[s.n.] _c[1971] |
||
| 300 |
_a20 p. _bports. _c21 cm. |
||
| 505 | 0 | _aEarly days -- High Holborn -- The war years -- The post-war years -- The sea came in -- College of Estate Management -- Awdry House -- The firm today | |
| 520 | _aA history of the firm of Montagu Evans & Son, which was founded in 1921 by Captain Montagu Evans. Includes portraits and a list of staff as at 1971. | ||
| 600 | 1 | 4 | _aEvans, Montagu |
| 651 | 4 |
_aUnited Kingdom _y |
|
| 690 | _aPROPERTY | ||
| 942 | _n0 | ||
| 999 |
_c107572 _d107572 |
||